Geography Quiz

Random Geography or State Quiz

States That Begin & End With Vowels Quiz Stats

 Plays Quiz not verified by Sporcle

Score 0/8 Timer 02:00
0 Plays Today
State % Correct
Alabama
93.5%
Alaska
89.7%
Ohio
89.7%
Idaho
84.1%
Indiana
82.2%
Arizona
81.3%
Oklahoma
79.4%
Iowa
74.8%

You're not logged in!

Compare scores with friends on all Sporcle quizzes.
OR
Log In

Sporcle TV

Today on Sporcle TV


Watch our educational content, quiz creation guides, and fun videos on Sporcle TV.

Show Comments

Extras

Top Quizzes Today


Score Distribution

Your Account Isn't Verified!

In order to create a playlist on Sporcle, you need to verify the email address you used during registration. Go to your Sporcle Settings to finish the process.

Report this User

Report this user for behavior that violates our Community Guidelines.

Details: